Outer Banks - Statistics

General Stats
  • This quiz has been taken 1,140 times
  • The average score is 12 of 19
Answer Stats
Hint Answer 0 % Correct
Who ¨Killed¨ John B's Dad? Ward 0
97%
Who blows up on the Druthers, and dives off the back? Ward 0
97%
What was John B´s Girlfriends name? Sarah 0
90%
What is John B´s Dads Name? Big John 0
89%
What is the girls name in the Pouges? Kiara 0
89%
Who almost died by getting flushed out of a sewage drain? Kiara 0
89%
Who is the Brains of the group? Pope 0
83%
Who actually killed Sherrif Peterkin? Rafe 0
82%
What is Sarah´s sister´s name? Wheezie 0
79%
What does JJ always carry on him? Gun 0
67%
What does JJ like to smoke? Weed 0
63%
What car do the pouges drive? The Twinkie 0
51%
Who Died on the Tar Mat? Sherrif Peterkin 0
50%
What is the Ship that they found called? The Royal Merchant 0
49%
What is their group called? (Not the kooks) The Pouges 0
42%
What is JJ´s Dads boat Called? The Phantom 0
38%
Who found Sarah and John B in the Middle of the ocean, and took them to Nassau? Terrance 0
27%
What was John B accused for? Killing Peterkin 0
18%
Where did John B, And Sarah End Up After Sinking Their Ship. Nassau, Bahamas 0
10%
No matching quizzes found
Score Distribution
Percent of People with Each Score
Percentile by Number Answered
Your Score History
You have not taken this quiz